| 000 | 01695nam a2200373 a 4500 | ||
|---|---|---|---|
| 001 | ebr10671412 | ||
| 003 | CaPaEBR | ||
| 006 | m u | ||
| 007 | cr cn||||||||| | ||
| 008 | 090716s2009 nyu sb 001 0 eng d | ||
| 010 | _z 2009029245 | ||
| 020 | _z9781606922262 (softcover) | ||
| 020 | _z9781613244463 (e-book) | ||
| 040 |
_aCaPaEBR _cCaPaEBR |
||
| 035 | _a(OCoLC)707082803 | ||
| 043 | _an-us--- | ||
| 050 | 1 | 4 |
_aKF3941 _b.B35 2009eb |
| 082 | 0 | 4 |
_a344.7305/33 _222 |
| 245 | 0 | 0 |
_aGun ownership and the Second Amendment _h[electronic resource] / _cPjeter D. Baldrige, editor. |
| 260 |
_aHauppauge, N.Y. : _bNova Science Publishers, _cc2009. |
||
| 300 | _aviii, 183 p. | ||
| 490 | 1 | _aCriminal justice, law enforcement and corrections series | |
| 504 | _aIncludes bibliographical references and index. | ||
| 505 | 0 | _aThe Constitution of the United States of America -- Supreme Court of the United States -- Oral arguments of D.C. V. Dick Anthony Heller -- District of Columbia v. Heller : the Supreme Court and the Second Amendment. | |
| 533 |
_aElectronic reproduction. _bPalo Alto, Calif. : _cebrary, _d2013. _nAvailable via World Wide Web. _nAccess may be limited to ebrary affiliated libraries. |
||
| 610 | 1 | 0 |
_aUnited States. _tConstitution. _n2nd Amendment. |
| 650 | 0 |
_aFirearms _xLaw and legislation _zUnited States. |
|
| 650 | 0 |
_aGun control _zUnited States. |
|
| 655 | 7 |
_aElectronic books. _2local |
|
| 700 | 1 | _aBaldrige, Pjeter D. | |
| 710 | 2 | _aebrary, Inc. | |
| 830 | 0 | _aCriminal justice, law enforcement and corrections. | |
| 856 | 4 | 0 |
_uhttp://site.ebrary.com/lib/rucke/Doc?id=10671412 _zAn electronic book accessible through the World Wide Web; click to view |
| 999 |
_c62864 _d62864 |
||